000 01293cam a2200373Ia 4500
001 50526
005 20230411090003.0
008 980603t19981971nyua g 000 0aeng d
010 _a 88040624
035 _a(OCoLC)ocm39222551
040 _aLPU
_cLPU
_dBUF
_dOCL
_dOCLCQ
_dBAKER
_dYDXCP
020 _a0679785892 :
_c$11.00 ($14.95 Can.)
020 _a9780679785897
029 1 _aYDXCP
_b1495187
035 _a(OCoLC)39222551
043 _an-us---
_an-us-nv
082 0 4 _a070/.92
_221
090 _aPN4874.T444
_bA3 1998
049 _aGRAL
100 1 _aThompson, Hunter S.
245 1 0 _aFear and loathing in Las Vegas :
_ba savage journey to the heart of the American dream /
_cHunter S. Thompson ; illustrated by Ralph Steadman.
250 _a2nd Vintage Books ed.
260 _aNew York :
_bVintage Books,
_c1998, c1971.
300 _a204 p. :
_bill. ;
_c21 cm.
500 _aOriginally published: New York : Random House, 1971.
600 1 0 _aThompson, Hunter S.
650 0 _aJournalists
_zUnited States
_vBiography.
650 0 _aDrug abuse
_zNevada
_zLas Vegas.
700 1 _aSteadman, Ralph.
938 _aBaker & Taylor
_bBKTY
_c12.95
_d9.71
_i0679785892
_n0003137434
_sactive
938 _aYBP Library Services
_bYANK
_n1495187
942 _2lcc
_cbk
994 _aC0
_bDRFGD
999 _c110463
_d110463